[Event "9th Masters"]
[Site "Bilbao"]
[Date "2016.07.21"]
[Round "8.1"]
[White "So, Wesley"]
[Black "Giri, Anish"]
[Result "1-0"]
[WhiteElo "2770"]
[BlackElo "2785"]
[EventDate "2016.??.??"]
[Annotator "Bojkov,Dejan"]
[PlyCount "113"]
[Beauty "6598814599689"]
[EventType "game"]
[EventCountry "ESP"]
[WhiteClock "0:29:11"]
[BlackClock "0:16:57"]

1.e4 e5 2.Nf3 Nc6 3.Bc4 Bc5 4.O-O Nf6 5.d3 O-O 6.Re1 {More common moves are:} ( 6.c3 {although Black hasn't experienced particular problems lately after} 6...d5 7.exd5 Nxd5 8.Nbd2 Nb6 9.Bb5 Bd6 {Carlsen,M (2855)-Aronian,L (2792) Leuven 2016} ) ( {Or} 6.Bg5 {which is not considered especially dangerous for Black once that the first player had castled short:} 6...h6 7.Bh4 d6 8.c3 {as in Fedorchuk,S (2656)-Gunnarsson,A (2441) Reykjavik 2013} ) 6...Ng4 ( {So was probably expecting} 6...d6 {which Giri played very recently against Anand:} 7.c3 Bb6 8.Bb3 Ne7 9.Nbd2 c6 10.Nf1 Ng6 {Anand,V (2770) -Giri,A (2782) Leuven 2016} ) 7.Re2 Kh8 {"Quite an original idea 7...Kh8 by Giri", tweeted IM Robert Ris. And added: "Is he ready to meet 8.h3 with 8... f5!?"} ( {Another way to play it is} 7...Nd4 8.Nxd4 Bxd4 {as in a couple of games of the Uzbek GM Anton Filippov.} ) 8.h3 {So spent about twelve minutes on this move.} 8...f5 {It turns out Robert Ris was right!} 9.Nc3 {Only to bang out this novelty in a flash.} ( 9.hxg4 $2 {is simply bad due to} 9...fxg4 10.Ng5 Qf6 11.Qf1 Nd4 {with large advantage for Black after} 12.Nf7+ Rxf7 13.Bxf7 Nxe2+ 14.Qxe2 Qxf7 ) ( 9.c3 fxe4 ( 9...Nxf2 10.Rxf2 ) 10.dxe4 Rxf3 11.hxg4 ( 11.gxf3 Nf6 ) 11...Rg3 12.g5 d6 13.b4 Bb6 14.Rc2 Rg4 {Jandourek,L (2192) -Londyn,R (2380) Czech Republic 2015} ) 9...Nf6 {So far Giri was practically blitzing and after 17 minutes of thought So decided to go for a very solid continuation.} 10.Be3 Bxe3 11.fxe3 ( {Of course not} 11.Rxe3 d6 {with the clear intention of a kingside attack after f5-f4.} ) 11...fxe4 12.dxe4 ( {Forced, as} 12.Nxe4 d5 13.Nxf6 dxc4 {is clearly better for Black.} ) 12...d6 {This not only finishes the development but it also creates the positional threat of Nc6-a5 to trade the white bishop.} 13.a3 Qe8 14.Qd3 {Giri can be proud of his opening prep. His position lacks any weaknesses and he has a clear plan of kingside play.} 14...Nd8 {Solid, but instead better seemed} ( 14...Qg6 15.Kh1 {and only now} 15...Nd8 {with the idea Nd8-e6-g5.} ( {Or even better, the computer resource} 15...Qh6 $1 {aiming for g7-g5-g4!} ) ) 15.Rf2 Be6 16.Raf1 {Now it is equal but somewhat easier for White to play as he has some nice squares on d5 and f5 for his knights.} 16...a6 17.Nd2 $1 {Moving the knight to d5.} ( {In the line} 17.Nh4 b5 18.Bxe6 Nxe6 19.Nd5 {There is} ( 19.Nf5 {is a possibility but the knight can not do any harm to Black from here - it lacks supporters.} ) 19...Nc5 20.Qe2 Ncxe4 {with equality at the end of the line:} 21.Nxc7 Qc6 22.Nxa8 Nxf2 23.Qxf2 Qxa8 ) 17...b5 18.Bxe6 Nxe6 19.Nd5 Nd7 ( {Now} 19...Nc5 {will be answered by} 20.Qc3 ) 20.Rxf8+ Ndxf8 21.c4 {The knight on d5 is unbearable and this forces...} 21...c6 {...but now both pawns on c6 and d6 are vulnerable.} 22.Nc3 Qe7 23.b4 Nd7 24.Nb3 Nf6 ( 24...Nb6 25.Na5 {limits Black's options.} ) 25.Na5 Qc7 26.Rc1 {So mounted a lot of pressure on the queenside pawns and now threatens to capture twice on b5. Black's resources are not yet over.} 26...Qd7 ( {One interesting idea was} 26...Nc5 27.Qc2 Qb6 28.bxc5 ( 28.Kh2 Rd8 ) 28...Qxa5 29.cxd6 Rd8 {with unclear consequences.} ) 27.cxb5 axb5 28.a4 bxa4 {Inaccurate.} ( {Giri should have inserted} 28...Ng5 $1 {first:} 29.axb5 ( {In case of} 29.Kh2 bxa4 30.Nxa4 {the simple} 30...Rf8 {is a much better version of the game thanks to the extra Ne6-g5 move.} ( {But also interesting is the computer suggestion} 30...Ng4+ 31.hxg4 Qxg4 32.Qf1 Qh4+ 33.Kg1 Qg3 34.Rc2 Nxe4 35.Qf3 Qe1+ 36.Kh2 Nf6 {with a total mess.} ) ) 29...Nxh3+ 30.gxh3 Qxh3 {and here White cannot avoid the perpetual:} 31.Rc2 ( 31.Ne2 $4 {Well, he can avoid it but by losing quickly:} 31...Ng4 {and mate in two.} ) 31...Qg3+ 32.Rg2 Qe1+ 33.Kh2 Qh4+ ) 29.Nxa4 Rf8 30.Nb6 Qf7 {Now White wins a pawn.} 31.Nxc6 {The wrong one! Correct was} ( 31.Nbc4 $1 {and after} 31...Ng5 ( {If} 31...Ng4 {with the idea} 32.hxg4 $4 ( {White gets instead a close to decisive advantage with} 32.Rf1 $1 ) 32...Qf2+ 33.Kh2 Rf6 ) 32.Nxd6 Qg6 33.Kh2 Nfxe4 34.Nxe4 Nxe4 {The super-nice move} 35.Kg1 $3 {stops all counterplay and leaves the pawn on c6 helpless. The other moves are not good:} ( 35.Rxc6 $2 {even loses to} 35...Qg3+ 36.Kg1 Qe1+ 37.Kh2 Nd2 ) ( {While} 35.Nxc6 $6 {leads to a strong attack for Black after} 35...Qg3+ 36.Kg1 Ng5 ) ) 31...Ng5 32.Rf1 Qc7 $1 {The best defense. The super-duper silent move is once again a top perfomer after} ( 32...Qg6 33.Kh2 Ngxe4 34.Kg1 $1 {with advantage for White.} ) 33.Qb5 Ngxe4 $2 {This is wrong though. Black should have pinned the b6 knight to keep him away from the game with:} ( 33...Qb7 $1 {and only then go for the e4 pawn:} 34.Kh2 Ngxe4 35.Na5 Qc7 36.Nd5 Qc2 {and Black should not be worse.} ) 34.Nd5 Qd7 35.Nxf6 gxf6 $1 {The best chance, Giri looks for kingside counterplay.} ( 35...Rxf6 $4 36.Qb8+ {is mate.} ) ( 35...Nxf6 36.Qa6 {leaves Black no adequate defense against the b-pawn advance.} ) 36.Qd5 $1 {So is alert. Black's idea would have worked after} ( 36.Qa6 Rg8 $1 37.Kh2 d5 ( {Or the immediate} 37...Qg7 ) 38.b5 Qg7 39.g4 Qg5 {when Black's attack is worth more than the passer on b5.} ) 36...Nc3 37.Qc4 Na4 38.b5 Nb6 39.Qd3 {Once that the knight was forced to leave the center things are not good for him.} 39...Rg8 ( {He cannot move the central pawns either:} 39...d5 40.Nxe5 ) 40.e4 {This means that one white pawn stops three black ones in the center and that So is strategically winning.} 40...Qe6 41.Rd1 Nd7 42.Kh2 {Entering an endgame where the outside passer is a huge asset.} ( 42.Qxd6 Qxh3 {is less clear.} ) 42...Nc5 43.Qxd6 Qxd6 44.Rxd6 Nxe4 45.Re6 Nc5 ( {Or} 45...Kg7 46.Re7+ Kg6 47.b6 ) 46.Rxf6 e4 ( {Black's pawn is not going anywhere after} 46...Re8 47.Rf5 ) 47.Rf5 Nb7 48.Re5 Nd6 49.Nd4 Rb8 50.g4 {Intending Kg3-f4 followed by Nd4-f5 to win a second pawn.} 50...Kg8 51.Kg3 Kf7 52.Nf5 $1 {Well calculated.} 52...Kf6 ( 52...Nxb5 53.Rxb5 Rxb5 54.Nd6+ {drops material.} ) 53.Kf4 Nxb5 54.g5+ Kg6 55.Re7 Rh8 ( 55...Rg8 56.Nh4+ Kh5 57.Rxh7# ) 56.Kg4 $1 h5+ 57.Kf4 {Mate is inevitable.} 1-0

[Event "9th Masters"]
[Site "Bilbao"]
[Date "2016.07.22"]
[Round "9.2"]
[White "Carlsen, Magnus"]
[Black "Giri, Anish"]
[Result "1-0"]
[WhiteElo "2855"]
[BlackElo "2785"]
[EventDate "2016.??.??"]
[Annotator "Bojkov,Dejan"]
[PlyCount "89"]
[Beauty "7357702624290"]
[EventType "game"]
[EventCountry "ESP"]
[WhiteClock "0:56:24"]
[BlackClock "0:38:34"]

1.d4 d5 2.Bf4 {Let's skip the opening today. Both players just played&#10;chess.} 2...Bf5 3.e3 e6 4.Bd3 Bxd3 5.Qxd3 c6 6.Nd2 Nf6 7.Ngf3 Be7 8.O-O O-O 9.h3 Nbd7 10.a4 {Carlsen grabs space on the queenside and does not want to initiate any pawn clashes. The immediate} ( 10.c4 {led to a quick release of the&#10;central pressure and eventually a draw after} 10...c5 11.cxd5 Nxd5 12.Bg3 cxd4 13.Nxd4 Nc5 {in Jugelt,T (2436)-Kopylov,M (2410) Bargteheide 2016} ) 10...c5 11.a5 ( {Play in the center with} 11.b3 {is also possible. In the following&#10;game, Black found a good way to build barricades after} 11...Rc8 12.c4 cxd4 13.exd4 Bb4 14.Rfc1 Nb8 15.c5 Nc6 16.Ne5 a5 {when the queenside was sealed. Brus,H&#10;(1478)-Alvarez Camino,J (1438) corr. 2011} ) 11...c4 {Giri reacts energetically and equalizes completely.} 12.Qe2 b5 13.axb6 axb6 14.Ne5 {In case of} ( 14.b3 $6 {Black can put the white knight into prison after} 14...c3 ( 14...b5 {is good as well.} ) 15.Rxa8 Qxa8 16.Nb1 Qa5 ) 14...Nxe5 15.dxe5 {Petrosian liked to close the center in similar positions from the Torre attack. He&#10;followed with a piece attack against the enemy king. In most of the cases,&#10;he still had his light-squared bishop on the board, while here it seems as if&#10;White's resources are not that great.} ( 15.Bxe5 Nd7 ) 15...Nd7 16.Qg4 Re8 {Giri wants to end the kingside expansion once and for all. But the devil&#10;might not be as black as he is painted after:} ( 16...Qc7 17.Nf3 Rfb8 18.h4 b5 19.h5 Bf8 20.h6 g6 {and Black is very solid; the bishop is covering the dark squares.} ) 17.h4 f5 18.Qh3 ( 18.exf6 Bxf6 {is OK for Black.} ) 18...Rxa1 ( {In case of} 18...Nc5 19.Nf3 {White will have time to prepare the second wave of the attack with} 19...Qd7 20.Nd4 b5 21.g4 ) ( {The pawn is not edible:} 18...Bxh4 $2 19.Rxa8 Qxa8 20.Qxh4 ) 19.Rxa1 c3 $5 {Opening the road for the&#10;queen. How to defend in a situation like this is a question of taste. The&#10;passive, greedy approach was possible too:} ( 19...Bxh4 20.Nf3 Be7 21.Nd4 Bc5 {is perfectly playable when White has compensation after} ( {Or} 21...Nf8 22.Ra7 Qc8 23.g4 ) 22.Qh5 ( 22.Ra7 b5 23.Rb7 Qc8 ) ( 22.g4 ) ) 20.bxc3 Qc7 21.c4 Nxe5 $2 {A blunder.} ( 21...dxc4 {seemed perfectly fine after} 22.Nf3 Nc5 23.Nd4 Qd7 {when White has a bit of a pressur,e but without any clear weaknesses&#10;and with the b-pawn walking, Black should be OK.} ) ( {The capture with the queen on c4 seems less precise though:} 21...Bb4 22.Nf3 Qxc4 23.Ra7 Qc8 ( 23...Qc6 $6 24.Nd4 ) 24.Nd4 ) 22.Qg3 Bd6 {On the other side, the bishop will&#10;not be good enough to rescue the knight:} ( 22...Bf6 23.Kh1 $1 {prepares the deadly Nd2-f3, putting more pressure onto the pinned piece.} ) 23.cxd5 ( {Both players missed} 23.c5 $1 bxc5 24.Ra6 {&#34;Oops&#34; was heard at the&#10;post-mortem when the players were shown this!} 24...Qb7 ( 24...Rd8 25.Rxd6 Qxd6 26.Bxe5 {should be close to winning as well.} ) 25.Rxd6 Nf7 26.Nf3 Nxd6 27.Bxd6 {is huge for White because Black cannot go} 27...Qb1+ 28.Kh2 Qxc2 29.Be5 Re7 30.Qg5 Rd7 31.Bxg7 $1 Rxg7 32.Qd8+ Kf7 33.Ne5# ) 23...exd5 24.Nb3 ( {The computer suggestion} 24.Nf3 {will regain the material but would hardly lead to anything significant after} 24...Nxf3+ 25.Qxf3 Bxf4 26.Qxd5+ Kh8 27.exf4 Qxf4 28.g3 Qe4 29.Qxe4 fxe4 {when Black should hold, say} 30.Rb1 Re6 ( {or even} 30...e3 ) ) 24...Qxc2 25.Nd4 Qc8 {In the arising time trouble, the Dutchman&#10;sensibly keeps the queen close to his king.} ( 25...Qd3 26.h5 ) 26.h5 Qd7 27.Rb1 Bc7 {The endgame that arises after} ( 27...Nc4 28.Bxd6 Qxd6 29.Qxd6 Nxd6 30.Rxb6 {is far more unpleasant for Black than it seems.} ) 28.f3 {Remarkably, Black has very few useful moves, while White can improve the situation further. The most obvious thing is to occupy the open a-file and get into the opponent's seventh rank.} 28...Qf7 ( 28...Kh8 29.Ra1 {would be similar to the game.} ) ( 28...Re7 {with the idea to free himself with Ne5-c4 is a move short after} 29.Ra1 Nc4 30.Ra7 ) 29.Ra1 Bd6 30.Ra6 Qxh5 {Giri sacrifices some material to clarify the situation.} ( {There was a study-like draw after} 30...Qb7 $1 {with the idea} 31.Nxf5 Nxf3+ $3 32.gxf3 Bxf4 33.exf4 ( {Funnily} 33.Qxf4 {also leads to a draw after} 33...Qxa6 34.Nh6+ gxh6 35.Qg4+ Kf7 36.Qf5+ Ke7 37.Qe5+ Kd7 38.Qxd5+ Kc8 39.Qc6+ ) 33...Rf8 {and Black regains the piece, for example} 34.Qg5 ( {Or} 34.Nh6+ Kh8 ) 34...Rxf5 35.Qxf5 Qxa6 {and a draw.} ) 31.Rxb6 Nc4 ( 31...Bc7 $2 {loses to} 32.Rb7 ) 32.Rxd6 Nxd6 33.Bxd6 Rxe3 {The rook and two pawns would do great without the queens on the board, but with&#10;them it is very difficult to defend. The light pieces and the queen can create&#10;all sorts of attacking schemes.} 34.Be5 {Carlsen plays for the attack. Presumably,&#10;he discarded} ( 34.Qf4 {due to the endgame arising after} 34...Qh6 ) ( {Black should also hold after} 34.Bb4 Qg6 35.Qf4 Re8 36.Nxf5 Qb6+ 37.Kh2 Qf6 38.Ne7+ Kf7 ) 34...Qg6 35.Qf4 Re1+ 36.Kf2 Ra1 37.Qd2 ( {At first, Carlsen thought he was&#10;winning immediately but here he saw} 37.Nxf5 $2 Ra2+ 38.Ke1 Qe6 ) 37...Ra8 $2 {&#34;Someone who is in bad shape, at some point he will blunder something, given that the opponent puts pressure the whole game.&#34; - Giri.} ( 37...Qa6 {would have most likely held thanks to the same old idea of trading queens:} 38.Kg3 ( {White can keep on playing with} 38.Ne2 Qb6+ 39.Bd4 Qa5 {although Black should be able to hold.} ) 38...Ra2 39.Qg5 Qg6 $1 {and once the queens are off the&#10;board, it should be a draw.} ) 38.Nxf5 $1 {Simple and effective.} 38...Qe6 ( 38...Qxf5 {would drop the rook after} 39.Qxd5+ ) ( {while the endgame after} 38...Re8 39.Qxd5+ Qe6 40.Qxe6+ Rxe6 41.Bxg7 {is not the one that Giri wishes for.} ) 39.Qg5 {And what Black feared has happened. The attack is unstoppable.} ( 39.Qxd5 $2 {should be avoided for concrete reasons} 39...Qxd5 40.Ne7+ Kf7 41.Nxd5 Ra5 ) 39...g6 ( 39...Qg6 40.Ne7+ ) ( 39...Qf7 40.Nh6+ ) 40.Nh6+ Kf8 41.Ng4 Ke8 42.Nf6+ Kf7 43.Nxh7 Ra4 44.Qd8 Ra2+ {The last little trick.} ( 44...Qxe5 {would have lost the queen, not the rook in the line} 45.Qf8+ Ke6 46.Qe8+ Kd6 47.Qb8+ Ke6 48.Nf8+ Kf6 49.Nd7+ ) 45.Kg1 {The only square, but good enough for resignation.} ( {Instead} 45.Kf1 $2 {would only be a draw after} 45...Qa6+ 46.Kg1 Rxg2+ 47.Kxg2 Qe2+ 48.Kg3 Qxe5+ ) 1-0

[Event "Sparkassen Chess Meeting"]
[Site "Dortmund"]
[Date "2016.07.09"]
[Round "1.3"]
[White "Caruana, Fabiano"]
[Black "Vachier Lagrave, Maxime"]
[Result "0-1"]
[WhiteElo "2810"]
[BlackElo "2798"]
[EventDate "2016.??.??"]
[Annotator "Bojkov,Dejan"]
[PlyCount "84"]
[Beauty "7494315301385"]
[EventType "swiss"]
[EventRounds "7"]
[EventCountry "GER"]
[WhiteClock "0:40:27"]
[BlackClock "0:46:41"]

1.e4 c5 2.Nf3 d6 3.d4 cxd4 4.Nxd4 Nf6 5.Nc3 a6 {The two super-GMs have a long history in the Sicilian. After the second Sinquefield Cup in 2014 when Vachier-Lagrave chose the Caro-Kann (this was one of Caruana's seven straight wins) the Frenchman stuck to his beloved Najdorf and was very, very successful.} 6.f3 {In their last two encounters, Caruana opted for:} ( 6.h3 e5 7.Nde2 h5 8.g3 Be6 9.Bg2 {and} 9...b5 ( 9...Nbd7 10.a4 Be7 {which later was spectacularly won by the French GM, Caruana,F (2820) Vachier Lagrave,M (2757) Wijk aan Zee 2015. That's more precise than} ( 10...Rc8 11.Be3 Nb6 12.Bg5 $1 {remember this cute double-bishop move!} 12...Be7 13.b3 {which was the course of his game with Judit Polgar. I certainly was not satisfied with the outcome of the opening as now my Nb6 is out of place and d5 is not happening. (MVL)} 13...d5 $6 14.Bxf6 Bxf6 15.exd5 Bf5 16.Be4 {and White was clearly better.} ) ) 10.O-O Nbd7 11.Be3 Be7 12.Nd5 Nxd5 13.exd5 Bf5 {did not yield White much and was played in a game which eventually ended in a draw, Caruana,F (2805)-Vachier Lagrave,M (2723) Stavanger 2015} ) 6...e5 7.Nb3 Be6 8.Be3 Be7 9.Qd2 O-O 10.O-O-O Nbd7 11.g4 b5 12.h4 {Their latest duel in the English attack saw} ( 12.Rg1 Nb6 ( 12...b4 13.Nd5 Bxd5 14.exd5 a5 15.g5 Nh5 16.Kb1 a4 17.Nc1 {with an edge for White.} ) 13.Na5 {and the second player prevailed later in Caruana,F (2844)-Vachier Lagrave,M (2757) Tashkent 2014.} ) 12...Nb6 13.Qf2 ( {Black was fine after} 13.g5 Nh5 14.Na5 Rc8 15.Nd5 Nxd5 16.exd5 Bd7 17.Rg1 g6 {Chacon,P (2537)-Dothan,Y (2589) corr. 2007} ) 13...Rb8 {All in all the history of their last games suggests that Caruana was very well-prepared for the game, and he indeed uncorks a novelty now:} 14.g5 ( {In all four previous games White tried to exploit the pin on the d-file. One example is} 14.Nc5 Bc8 15.h5 Qc7 16.g5 Ne8 17.Nb3 b4 18.Nd5 Nxd5 19.exd5 {which was unclear in Schon,E (2115)-Stojic,D (2219) Manly Sydney 2009.} ) 14...Nfd7 {One idea behind White's move is that} ( 14...Nh5 {can be answered by} 15.Nc5 {and if Black keeps the bishop with} 15...Bc8 16.Nd3 {creates a double threat against the e5 pawn and multi-trades on b6 followed by Nc3-d5 in the line} 16...Qc7 17.Bxb6 Qxb6 18.Qxb6 Rxb6 19.Nd5 Rb7 20.N3b4 {when White has a bind.} ) 15.f4 {White modifies the pawn structure and pressurizes on d6, but MVL defends well.} 15...exf4 16.Bxf4 Rc8 $5 ( 16...Qc7 {would most likely be similar to the game after} 17.Nd5 Nxd5 18.exd5 Bg4 19.Be2 Bxe2 20.Qxe2 Rfe8 21.Qf2 Rbc8 ) 17.Nd5 ( {Black has ample compensation for the pawn after} 17.Bxd6 Bxd6 18.Rxd6 Qc7 19.Rd1 Ne5 ) ( {However} 17.Nd4 {with the idea to put the knight on deserved serious attention.} ) 17...Nxd5 18.exd5 Bg4 19.Be2 Bxe2 20.Qxe2 Re8 21.Qf3 {The alternatives were} ( 21.Qh2 Qc7 22.Kb1 ( 22.h5 Bf8 ) 22...Bf8 {although it is not easy to see a good follow-up on the kingside for White.} ) ( {Obviously White did not want to trade queens; therefore, he rejected} 21.Qf2 Qb6 ) 21...Qc7 22.Nd4 ( {Or} 22.Rh2 Ne5 ( 22...Nb6 ) ) 22...Nb6 ( {The immediate} 22...Qc4 {is an empty blow after} 23.Kb1 ) 23.Rhe1 {White tries to divert the opponent's active pieces from the queenside.} ( 23.Rhf1 {would strongly be met by} 23...Qc4 {when Black wins a pawn.} ) 23...Bf8 {Vachier-Lagrave goes for a forced line.} ( 23...Qc4 $5 {looked safer though.} ) 24.Rxe8 Rxe8 25.Nf5 Qc4 {It is not good to allow the pawn to h6:} ( 25...g6 26.Nh6+ Bxh6 27.gxh6 Rc8 28.c3 b4 29.Bd2 {when the huge threat of a white queen coming on the long diagonal is always a nightmare for Black.} ) 26.b3 Qb4 27.c3 Rc8 28.Rd3 Nxd5 {This was Black's idea, but it seems as if MVL underestimated the strong} 29.Bd2 $1 {when the knight is obviously poisoned:} ( 29.Rxd5 $2 Rxc3+ ) ( 29.Qxd5 $2 Qxf4+ ) 29...Nb6 30.Kb1 {The queen needs to retreat.} 30...Qc5 31.Be3 Qc7 {The only move; since} ( 31...Qc6 {loses the pawn at once to} 32.Qxc6 Rxc6 33.Nd4 Rc8 34.Nxb5 {with a comfortable edge for White.} ) 32.Qf4 {It should be noted that both players were in time trouble. Here best was} ( 32.Bf4 {with domination. For example:} 32...Rd8 33.h5 a5 34.Bg3 ( 34.h6 g6 35.Nd4 ) 34...a4 35.h6 $1 g6 36.Nxd6 Bxd6 $4 37.Qf6 {The line is not forced but illustrates White's possibilities.} ) 32...Re8 $1 {Vachier-Lagrave seizes his chance and activates the rook. Now Caruana could (should?) have forced a draw with} 33.h5 ( 33.Nxd6 Rxe3 ( {But not} 33...Bxd6 34.Qxd6 Qxd6 35.Rxd6 Nc8 36.Rc6 ) 34.Qxe3 Bxd6 35.Qe8+ Bf8 36.Rd8 Qc5 37.b4 Qf5+ 38.Kc1 Qf1+ 39.Kc2 Qf5+ {with a perpetual.} ( {And not} 39...Qf2+ $2 40.Kb3 {when checks are over and White wins.} ) ) 33...Re6 {Now Black both kept the pawn and activated the rook. Next, he wants to bring his knight into the center.} 34.Kc2 {Or:} ( 34.Kb2 Nd7 35.Rd2 Ne5 {rerouting the knight while covering the d6 pawn.} ) 34...Qc6 ( 34...Nd7 $5 {with the advantage was better.} ) 35.Bxb6 {Caruana cracks under the pressure. After} ( {With} 35.Qg4 {White creates the threat Nf5-h6+ and has serious chances to survive, e.g.} 35...Nd5 36.Nd4 Qc5 37.Nxe6 Nxe3+ 38.Rxe3 Qxe3 39.Nxf8 Kxf8 40.Qc8+ Ke7 41.Qb7+ Ke6 42.Qc8+ Ke5 43.Qe8+ Kf4 44.Qxf7+ Kg4 45.Qxg7 Qe2+ {with a perpetual.} ) 35...Qxb6 36.Rf3 Qb7 $1 {The correct spot for the queen.} ( {Weaker was} 36...Qc7 37.h6 g6 38.Ne3 {with the threat Ne3-d5.} ) 37.Ne3 ( {Nothing changes after} 37.h6 g6 38.Ne3 Re4 ) 37...Re4 38.Qg3 {Or else Black will take the pawn with tempo} ( 38.Qf5 Re5 39.Qf4 Rxg5 ) 38...Re5 39.Qf4 {With this last but one move before the time-control, Caruana blunders a pawn. The last chance was} ( 39.g6 hxg6 40.hxg6 fxg6 {and although White is two pawns down, the insecure position of the Black king gives him hope to survive.} ) 39...Rxg5 40.h6 gxh6 41.Rf2 Qd7 42.Nf5 Qe6 {There is no attack and white is three pawns down.} 0-1